عرض عادي
عرض مارك
- Granger, Christopher B.,
مدخل إسم شخص
001 - رقم الضبط
- حقل الضبط: 74869
003 - معرف رقم الضبط
- حقل الضبط: OSt
005 - تاريخ ووقت أخر عملية
- حقل الضبط: 20190822094036.0
008 - عناصر بيانات ثابتة الطول
- حقل تحكم ثابت الطول: 190822|| aca||aabn | a|a d
040 ## - مصدر الفهرسة
- هيئة الفهرسة الأصلية: OSt
- وكالة الكتابة: OSt
100 ## - مدخل -- أسم شخص
- إسم شخص: Granger, Christopher B.,
- مصطلح الرابط: author.
670 ## - بيانات المصدر موجوده
- الاستشهاد بالمصدر: Work cat.: (OSt)0: Fundamentals of clinical trials /
